000 00275nam a22001337a 4500
008 170809b xxu||||| |||| 00| 0 eng d
020 _a9781582780085
041 _aeng
080 _a004
100 _a35
101 _aSHK
245 _aFRONT PAGE
_cCOX,J
942 _2udc
_cBK
999 _c22993
_d22993